Speedy Pi digits 301-400 - Statistics

General Stats
  • This quiz has been taken 663 times
  • The average score is 41 of 100
Answer Stats
Digit % Correct
7
100%
2
97%
4
95%
5
86%
8
86%
7
78%
0
76%
0
73%
0
73%
6
73%
6
73%
6
73%
3
70%
1
68%
5
65%
5
62%
8
62%
8
62%
1
54%
4
54%
7
54%
8
54%
8
51%
0
49%
1
49%
2
49%
5
49%
9
49%
0
46%
0
46%
1
46%
1
46%
2
46%
2
46%
2
46%
2
46%
4
46%
5
46%
6
46%
7
46%
8
46%
9
46%
9
46%
9
46%
5
43%
3
41%
3
41%
4
41%
6
41%
6
41%
7
35%
8
35%
9
35%
0
32%
0
32%
0
32%
2
32%
3
32%
5
32%
6
32%
9
32%
1
30%
0
24%
0
24%
0
24%
1
24%
1
24%
2
24%
2
24%
3
24%
3
24%
3
24%
3
24%
4
24%
4
24%
5
24%
5
24%
5
24%
6
24%
6
24%
8
24%
8
24%
1
22%
4
22%
4
22%
6
22%
8
22%
9
22%
5
19%
0
16%
1
16%
1
16%
1
16%
1
16%
4
16%
4
16%
5
16%
6
16%
9
16%
9
16%
No matching quizzes found
Score Distribution
Percent of People with Each Score
Percentile by Number Answered
Your Score History
You have not taken this quiz